000 00697nam a2200217 a 4500
001 000012047
005 20240530073913.0
008 091104s2004 dr r 000 f spa d
020 _a9993402699
040 _aDO-SdBNP
_bspa
_cBNPHU
082 _aRD863.44
_bC957t
100 1 _aCruz, Eramis
_928488
245 1 0 _aTras la paz perdida /
_cEramis Cruz ; prólogo Mercedes Aracena Disla.
260 _aSanto Domingo :
_bPunto mágico,
_c[200-?].
300 _a173 p. ;
_c21 cm.
590 _aInventariado, 2018/BT
650 0 _aNovela dominicana
_9223
650 0 _aLiteratura dominicana.
_967
700 1 _aAracena Dila, Mercedes,
_epról.
_928489
910 _aValidado. Control de calidad. MMOLINA
999 _c11715
_d11715